000 00555nam a22002177a 4500
001 00028545
005 20260311120454.0
008 260311b ag ||||| |||| 00| 0 spa d
020 _a847844422
040 _aAR-CcCEOS
_bspa
_cAR-CcCEOS
041 _aspa
080 _a850-3
090 _bCAL
100 1 _aCalvino, Italo
_9869
245 _aEl caballero inexistente /
_cItalo Calvino
250 _a1ยช ed.
264 _aMadrid :
_bSiruela,
_cc1989.
300 _a137 p. ;
_c19x13 cm.
655 0 _aliteratura
_919
_vnovela
942 _2udc
_cBK
_n0
999 _c28575
_d28575